Statystyki dla Mistrzowie Serie A

Kliknij tutaj aby rozwiązać quiz!

Ogólne statystyki

  • Ten quiz został rozwiązany 1 422 razy
    (1 108 od ostatniego zresetowania)
  • Średni wynik to 81 z 90

Statystyki odpowiedzi

SezonMistrz% Poprawnych
1967/68AC Milan
99%
1950/51AC Milan
99%
2010/11AC Milan
99%
1958/59AC Milan
99%
1992/93AC Milan
99%
1991/92AC Milan
99%
1987/88AC Milan
99%
1995/96AC Milan
99%
1993/94AC Milan
99%
1998/99AC Milan
99%
1954/55AC Milan
99%
1961/62AC Milan
99%
1956/57AC Milan
99%
1978/79AC Milan
99%
2003/04AC Milan
99%
1996/97Juventus Turyn
99%
1994/95Juventus Turyn
99%
1976/77Juventus Turyn
99%
1966/67Juventus Turyn
99%
1971/72Juventus Turyn
99%
1972/73Juventus Turyn
99%
1985/86Juventus Turyn
99%
1974/75Juventus Turyn
99%
1983/84Juventus Turyn
99%
1930/31Juventus Turyn
99%
1977/78Juventus Turyn
99%
1960/61Juventus Turyn
99%
1997/98Juventus Turyn
99%
1959/60Juventus Turyn
99%
2015/16Juventus Turyn
99%
1931/32Juventus Turyn
99%
1932/33Juventus Turyn
99%
1933/34Juventus Turyn
99%
1934/35Juventus Turyn
99%
2019/20Juventus Turyn
99%
2018/19Juventus Turyn
99%
2017/18Juventus Turyn
99%
2016/17Juventus Turyn
99%
2014/15Juventus Turyn
99%
1957/58Juventus Turyn
99%
2013/14Juventus Turyn
99%
2012/13Juventus Turyn
99%
2011/12Juventus Turyn
99%
2002/03Juventus Turyn
99%
1949/50Juventus Turyn
99%
1951/52Juventus Turyn
99%
2001/02Juventus Turyn
99%
1980/81Juventus Turyn
99%
1981/82Juventus Turyn
99%
1929/30Ambrosiana Mediolan
98%
1937/38Ambrosiana Mediolan
98%
1939/40Ambrosiana Mediolan
98%
1979/80Inter Mediolan
98%
1964/65Inter Mediolan
98%
2020/21Inter Mediolan
98%
2009/10Inter Mediolan
98%
2008/09Inter Mediolan
98%
2007/08Inter Mediolan
98%
2006/07Inter Mediolan
98%
2005/06Inter Mediolan
98%
1953/54Inter Mediolan
98%
1962/63Inter Mediolan
98%
1952/53Inter Mediolan
98%
1965/66Inter Mediolan
98%
1988/89Inter Mediolan
98%
1970/71Inter Mediolan
98%
1989/90SSC Napoli
94%
1986/87SSC Napoli
94%
2000/01AS Roma
91%
1982/83AS Roma
91%
1941/42AS Roma
91%
1999/00SS Lazio
81%
1973/74SS Lazio
81%
1955/56ACF Fiorentina
65%
1968/69ACF Fiorentina
65%
1945/46FC Torino
64%
1975/76FC Torino
64%
1942/43FC Torino
64%
1946/47FC Torino
64%
1947/48FC Torino
64%
1948/49FC Torino
64%
1990/91UC Sampdoria
51%
1963/64FC Bologna
46%
1940/41FC Bologna
46%
1938/39FC Bologna
46%
1936/37FC Bologna
46%
1935/36FC Bologna
46%
2021/22AC Milan
38%
1984/85Hellas Werona
36%
1969/70Cagliari Calcio
31%

Rozkład punktacji

Percentyl według liczby udzielonych odpowiedzi

Procent ludzi z każdym wynikiem

Twoja historia wyników

Nie rozwiązałeś tego quizu od ostatniego zresetowania